| 000 | 00689nam a2200205Ia 4500 | ||
|---|---|---|---|
| 008 | 130821s1994 mx gr spa | ||
| 020 | _a84 206 3133 7 | ||
| 040 |
_aCo-BoUCM _bspa |
||
| 041 | 0 | 0 | _aspa |
| 100 | 1 |
_aPoniatowska, Elena _d1933- _9123451 |
|
| 245 | 1 | 0 |
_aHasta no verte Jesús mío _cElena Poniatowska |
| 260 |
_aMéxico D.F. (México) _bEdiciones Era ; Madrid : Alianza Editorial _c1994 |
||
| 300 | _a304 páginas | ||
| 490 | 0 | _aAlianza tres / Era | |
| 650 |
_aLiteratura latinoamericana _918700 |
||
| 650 |
_aLiteratura mexicana _918708 |
||
| 650 |
_aNovela mexicana _920547 |
||
| 942 |
_cLIBRO _a18 _e1 _kM _mP797h _2DEWEY _h863.44 |
||
| 999 |
_c78390 _d78390 |
||